书目信息 |
| 题名: |
新媒体环境下公民有效参与公共决策研究
|
|
| 作者: | 李占乐, 著 | |
| 分册: | ||
| 出版信息: | 北京 中国社会科学出版社 2021.03 |
|
| 页数: | 280页 | |
| 开本: | 24cm | |
| 丛书名: | ||
| 单 册: | ||
| 中图分类: | D621 | |
| 科图分类: | ||
| 主题词: | 公民--gong min--参与管理--研究--中国 | |
| 电子资源: | ||
| ISBN: | 978-7-5203-7985-4 | |
| 000 | 01972nam0 2200301 450 | |
| 001 | 202021044938 | |
| 005 | 20211025120153.0 | |
| 010 | @a978-7-5203-7985-4@dCNY108.00 | |
| 092 | @aCN@bRt971-1445 | |
| 100 | @a20211006d2021 em y0chiy50 ea | |
| 101 | 0 | @achi |
| 102 | @aCN@b110000 | |
| 105 | @ay a 000yy | |
| 106 | @ar | |
| 200 | 1 | @a新媒体环境下公民有效参与公共决策研究@Axin mei ti huan jing xia gong min you xiao can yu gong gong jue ce yan jiu@f李占乐著 |
| 210 | @a北京@c中国社会科学出版社@d2021.03 | |
| 215 | @a280页@d24cm | |
| 300 | @a国家社科基金一般项目“新媒体环境下公民有效参与公共决策制度建设研究”成果 | |
| 314 | @a李占乐, 男, 1973年出生, 河南洛阳人。2002年毕业于郑州大学, 获行政管理专业硕士学位 ; 2005年毕业于华中师范大学, 获政治学理论专业博士学位。现为郑州大学政治与公共管理学院行政管理系副教授, 全额资助博士研究生导师, 行政管理专业和公共管理硕士 (MPA) 硕士研究生导师。研究方向为公民参与、公共政策和社会保障。近年来主持完成国家社科基金一般项目1项, 民政部研究课题2项, 河南省软科学研究计划项目1项, 河南省政府决策研究招标项目1项, 省教育厅人文社科研究项目1项 ; 参与国家级科研课题研究4项, 参与省部级科研课题研究3项。参加工作以来公开发表学术论文共20余篇, 其中在核心期刊上发表10余篇。共出版著作3部, 其中独著1部, 参与编著2部。民政部社会组织理论研究部级课题结项报告《公益组织开展公益活动行为规范研究》获得民政部一等奖。 | |
| 320 | @a有书目 (第258-277页) | |
| 330 | @a本书综合运用政治学、传播学、社会学、管理学等多学科交叉的理论作为理论工具来展开分析研究, 特别是将知识社会学理论、哈贝马斯的公共领域和有效沟通理论与公共政策学理论结合起来, 围绕有效参与这一主题, 设定新媒体环境下公民有效参与公共决策有效参与的衡量标准, 分析当前公民参与公共决策的困境、参与效果制约因素, 探寻实现公民有效参与公共决策的解决之道。 | |
| 606 | 0 | @a公民@Agong min@x参与管理@x研究@y中国 |
| 690 | @aD621@v5 | |
| 701 | 0 | @a李占乐,@Ali zhan le@f1973-@4著 |
| 801 | 0 | @aCN@c20210909 |
| 901 | @a中国社会科学出版社 | |
| 905 | @a河南城建学院图书馆@dD621@eL333 | |
| 997 | @a期货 | |
| 新媒体环境下公民有效参与公共决策研究/李占乐著.-北京:中国社会科学出版社,2021.03 |
| 280页;24cm |
| 国家社科基金一般项目“新媒体环境下公民有效参与公共决策制度建设研究”成果 |
| ISBN 978-7-5203-7985-4:CNY108.00 |
| 本书综合运用政治学、传播学、社会学、管理学等多学科交叉的理论作为理论工具来展开分析研究, 特别是将知识社会学理论、哈贝马斯的公共领域和有效沟通理论与公共政策学理论结合起来, 围绕有效参与这一主题, 设定新媒体环境下公民有效参与公共决策有效参与的衡量标准, 分析当前公民参与公共决策的困境、参与效果制约因素, 探寻实现公民有效参与公共决策的解决之道。 |
| ● |
| 相关链接 |
|
|
|
正题名:新媒体环境下公民有效参与公共决策研究
索取号:D621/L333
 
预约/预借
| 序号 | 登录号 | 条形码 | 馆藏地/架位号 | 状态 | 备注 |
| 1 | 1544598 | 215445980 | 社科库509/509社科库 72排8列4层/ [索取号:D621/L333] | 在馆 |